[Event "HUN-chT2 Erkel 0506"]
[Site "Hungary"]
[Date "2006.04.23"]
[Round "11"]
[White "Kiss, Jozsef1"]
[Black "Matrai, Laszlo"]
[Result "1/2-1/2"]
[WhiteElo "2032"]
[BlackElo "2069"]
[PlyCount "176"]
[EventDate "2005.10.16"]
[EventType "team-tourn"]
[EventRounds "11"]
[EventCountry "HUN"]
[SourceTitle "EXT 2009"]
[Source "ChessBase"]
[SourceDate "2008.11.26"]
[SourceVersion "1"]
[SourceVersionDate "2008.11.26"]
[SourceQuality "1"]
[WhiteTeam "Penzugyor II"]
[BlackTeam "Paszto"]
[WhiteTeamCountry "HUN"]
[BlackTeamCountry "HUN"]

1. e4 c5 2. f4 Qc7 3. Nf3 Qxf4 4. Nc3 Qc7 5. Bc4 e6 6. 0-0 a6 7. a4 Nc6 8. d3 Nf6 9. Bg5 Be7 10. Qe1 d6 11. Ne2 h6 12. Bd2 Rb8 13. Qg3 g5 14. h4 gxh4 15. Qxh4 Nd7 16. Qh5 Nf6 17. Qh2 b5 18. Bb3 c4 19. Ba2 Qb6+ 20. Kh1 e5 21. Nh4 Be6 22. Nf5 Rg8 23. Be3 Qc7 24. Nc3 Ng4 25. Qg3 Nb4 26. Bb1 Kd7 27. axb5 Nxe3 28. Qxe3 Bg5 29. Qf2 Qb6 30. Qxb6 Rxb6 31. bxa6 Nxa6 32. dxc4 Bxc4 33. Rd1 Ra8 34. Na4 Rc6 35. b4 Rb8 36. c3 Bb3 37. Rd3 Bxa4 38. Rxa4 Kc7 39. Ba2 Rd8 40. Bxf7 Rb6 41. Bc4 Kb7 42. Bxa6+ Rxa6 43. Rxa6 Kxa6 44. Rxd6+ Rxd6 45. Nxd6 Bd2 46. b5+ Ka7 47. c4 Kb6 48. Kh2 Kc5 49. Nf7 Kxc4 50. b6 Ba5 51. Nd6+ Kd3 52. b7 Bc7 53. Ne8 Bb8 54. Nf6 Kd4 55. Kg3 Ke3 56. Nd7 Ba7 57. b8Q Bxb8 58. Nxb8 Kxe4 59. Nc6 Kd5 60. Ne7+ Ke6 61. Ng8 h5 62. Nh6 Kf6 63. Kh4 e4 64. Kg3 Ke5 65. Nf7+ Kd4 66. Kf2 Kd3 67. Ne5+ Kd4 68. Nc6+ Kd3 69. Nb4+ Kc4 70. Nc2 Kd3 71. Ne3 Kd2 72. Nf1+ Kd3 73. Ne3 Kd2 74. g3 Kd3 75. Nd5 Kd2 76. Ne3 Kd3 77. Nf1 Kd4 78. Ke2 Ke5 79. Ke3 Kf5 80. Nh2 Ke5 81. Kf2 Kd4 82. Kg2 Ke3 83. Kf1 Kd2 84. Kg2 Ke1 85. Nf1 Ke2 86. Nh2 Ke1 87. Kg1 Ke2 88. Kg2 Ke1 1/2-1/2

[Event "HUN-chT2 Erkel 0506"]
[Site "Hungary"]
[Date "2005.10.30"]
[Round "2"]
[White "Isepy, Tamas"]
[Black "Matrai, Laszlo"]
[Result "1-0"]
[WhiteElo "2118"]
[BlackElo "2069"]
[PlyCount "79"]
[EventDate "2005.10.16"]
[EventType "team-tourn"]
[EventRounds "11"]
[EventCountry "HUN"]
[SourceTitle "EXT 2009"]
[Source "ChessBase"]
[SourceDate "2008.11.26"]
[SourceVersion "1"]
[SourceVersionDate "2008.11.26"]
[SourceQuality "1"]
[WhiteTeam "Stat PSC II"]
[BlackTeam "Paszto"]
[WhiteTeamCountry "HUN"]
[BlackTeamCountry "HUN"]

1. e4 d6 2. d4 Nf6 3. Nc3 g6 4. Be2 Bg7 5. h4 h5 6. Nf3 Bg4 7. Ng5 Bxe2 8. Nxe2 Nbd7 9. c3 e5 10. Qb3 0-0 11. Qxb7 c5 12. d5 c4 13. b4 a6 14. Be3 Bh6 15. f3 Ne8 16. Ne6 fxe6 17. Bxh6 Rf7 18. dxe6 Rh7 19. exd7 Rxd7 20. Qd5+ Kh7 21. Bg5 Qc8 22. 0-0 Rb8 23. a4 Qc7 24. Qd2 Ng7 25. f4 Rg8 26. f5 gxf5 27. exf5 d5 28. Ng3 e4 29. Bf4 Qd8 30. Bg5 Qc7 31. Qf4 Qa7+ 32. Qe3 Qc7 33. Ne2 Rf7 34. Nd4 Qe5 35. Qe2 Rgf8 36. f6 Rxf6 37. Bxf6 Rxf6 38. Rxf6 Qxf6 39. Qf2 Qe5 40. Rf1 1-0

[Event "HUN-chT2 Erkel 0304"]
[Site "Hungary"]
[Date "2003.11.16"]
[Round "3"]
[White "Fabri, Ferenc"]
[Black "Matrai, Laszlo"]
[Result "1-0"]
[WhiteElo "2235"]
[BlackElo "2103"]
[PlyCount "37"]
[EventDate "2003.09.28"]
[EventType "team-tourn"]
[EventRounds "11"]
[EventCountry "HUN"]
[SourceTitle "EXT 2009"]
[Source "ChessBase"]
[SourceDate "2008.11.26"]
[SourceVersion "1"]
[SourceVersionDate "2008.11.26"]
[SourceQuality "1"]
[WhiteTeam "Lang"]
[BlackTeam "Hatvan"]
[WhiteTeamCountry "HUN"]
[BlackTeamCountry "HUN"]

1. e4 e6 2. d4 c5 3. d5 Nf6 4. Nc3 exd5 5. e5 Ng8 6. Qxd5 Nc6 7. Bc4 Qe7 8. f4 Nd4 9. Kd1 Rb8 10. Nf3 Nxf3 11. Qxf3 a6 12. Re1 b5 13. Bd5 Qd8 14. Ne4 Qb6 15. Be3 Qc7 16. Nd6+ Bxd6 17. exd6 Qd8 18. Bxc5+ Kf8 19. Re7 1-0

[Event "Gyongyos Matra Cup"]
[Site "Gyongyos"]
[Date "2003.07.28"]
[Round "6"]
[White "Kaposztas, Miklos"]
[Black "Matrai, Laszlo"]
[Result "1-0"]
[WhiteElo "2304"]
[BlackElo "2103"]
[PlyCount "67"]
[EventDate "2003.07.22"]
[EventType "swiss"]
[EventRounds "9"]
[EventCountry "HUN"]
[SourceTitle "EXT 2005"]
[Source "ChessBase"]
[SourceDate "2004.11.15"]
[SourceVersion "1"]
[SourceVersionDate "2004.11.15"]
[SourceQuality "1"]

1. c4 Nf6 2. d4 c6 3. Nc3 d5 4. Nf3 Bf5 5. Qb3 e6 6. Qxb7 Nbd7 7. e3 Rc8 8. c5 Rc7 9. Qa6 h5 10. b4 g5 11. Nxg5 e5 12. Nf3 e4 13. Nd2 Bh6 14. h3 Nb8 15. Qa4 a6 16. Nb3 Rg8 17. Na5 Be6 18. Bd2 Nfd7 19. Qd1 Qh4 20. Ne2 f5 21. g3 Qf6 22. h4 Bf7 23. a4 Nf8 24. Nc3 Ne6 25. Be2 Bg7 26. Nb3 Rb7 27. b5 axb5 28. axb5 Nc7 29. b6 Ne6 30. Ra8 Ke7 31. Na5 Rd7 32. Rxb8 Nxd4 33. exd4 Rxb8 34. Bg5 1-0

[Event "Gyongyos Matra Cup"]
[Site "Gyongyos"]
[Date "2003.07.27"]
[Round "5"]
[White "Matrai, Laszlo"]
[Black "Eberth, Zoltan Bela"]
[Result "1/2-1/2"]
[WhiteElo "2103"]
[BlackElo "2213"]
[PlyCount "20"]
[EventDate "2003.07.22"]
[EventType "swiss"]
[EventRounds "9"]
[EventCountry "HUN"]
[SourceTitle "EXT 2005"]
[Source "ChessBase"]
[SourceDate "2004.11.15"]
[SourceVersion "1"]
[SourceVersionDate "2004.11.15"]
[SourceQuality "1"]

1. e4 c6 2. d4 d5 3. e5 g6 4. Nc3 Bg7 5. Be3 h5 6. Qd2 Bf5 7. Bd3 e6 8. Nge2 Nh6 9. 0-0-0 Bxd3 10. Qxd3 Nf5 1/2-1/2

[Event "Gyongyos Matra Cup"]
[Site "Gyongyos"]
[Date "2003.07.23"]
[Round "2"]
[White "Torok, Sandor"]
[Black "Matrai, Laszlo"]
[Result "1-0"]
[WhiteElo "2290"]
[BlackElo "2103"]
[PlyCount "75"]
[EventDate "2003.07.22"]
[EventType "swiss"]
[EventRounds "9"]
[EventCountry "HUN"]
[SourceTitle "EXT 2005"]
[Source "ChessBase"]
[SourceDate "2004.11.15"]
[SourceVersion "1"]
[SourceVersionDate "2004.11.15"]
[SourceQuality "1"]

1. e4 e6 2. d4 c5 3. Nf3 cxd4 4. Nxd4 Nc6 5. Nc3 Bb4 6. Nxc6 Bxc3+ 7. bxc3 bxc6 8. Qd6 Qe7 9. Ba3 Qxd6 10. Bxd6 Nf6 11. Bd3 Kd8 12. Ke2 Ne8 13. e5 g5 14. h4 g4 15. f4 f5 16. Rab1 Nc7 17. g3 Nd5 18. Rb3 Ke8 19. c4 Ne7 20. Rhb1 Kf7 21. Bxe7 Kxe7 22. c5 Kd8 23. Ra3 Kc7 24. Rb4 h5 25. Kd2 Rf8 26. Kc3 Rh8 27. Rba4 Kb8 28. Kb4 Bb7 29. Ka5 Kc7 30. Rd4 Rhd8 31. Rb3 Rab8 32. Bc4 Kc8 33. Ba6 Kc7 34. Bxb7 Rxb7 35. Ka6 Rdb8 36. Rxb7+ Rxb7 37. Rxd7+ Kxd7 38. Kxb7 1-0

[Event "HUN-chT3 0001"]
[Site "Hungary"]
[Date "2001.03.25"]
[Round "9.3"]
[White "Matrai, Laszlo"]
[Black "Muhari, Istvan"]
[Result "0-1"]
[WhiteElo "2130"]
[BlackElo "2161"]
[PlyCount "106"]
[EventDate "2000.10.29"]
[EventType "team-tourn"]
[EventRounds "11"]
[EventCountry "HUN"]
[SourceTitle "EXT 2007"]
[Source "ChessBase"]
[SourceDate "2006.11.23"]
[SourceVersion "1"]
[SourceVersionDate "2006.11.23"]
[SourceQuality "1"]

1. d4 d5 2. c4 e6 3. Nf3 Nf6 4. e3 Be7 5. Nc3 0-0 6. Qc2 Nbd7 7. h3 b6 8. cxd5 exd5 9. Bb5 Bb7 10. 0-0 c5 11. Be2 Rc8 12. Qa4 c4 13. Qc2 a6 14. Ng5 h6 15. Nf3 b5 16. a3 Re8 17. Qf5 Bd6 18. Qc2 Bb8 19. Nh4 Ne4 20. Nf5 Ndf6 21. Nxe4 Nxe4 22. f3 Nf6 23. f4 Ne4 24. Bf3 Rc6 25. Bxe4 Rxe4 26. Rf3 Bc8 27. Ng3 Re8 28. Bd2 Rg6 29. Nf1 Bd7 30. Kh1 Qc8 31. f5 Rf6 32. g4 g6 33. Be1 Rc6 34. Bh4 Re4 35. fxg6 fxg6 36. Bg3 Kg7 37. Kg2 Qe8 38. Bxb8 Qxb8 39. Ng3 Re7 40. Raf1 Rce6 41. Qc3 a5 42. h4 b4 43. Qc1 Rb6 44. g5 hxg5 45. hxg5 bxa3 46. bxa3 Rb2+ 47. R1f2 Rxf2+ 48. Rxf2 Qh8 49. Rf4 Qh3+ 50. Kf3 Bf5 51. Qg1 Be4+ 52. Kf2 Rb7 53. Ne2 Rb2 0-1

[Event "HUN-chT3 0001"]
[Site "Hungary"]
[Date "2001.02.25"]
[Round "7.2"]
[White "Molnar, Jozsef"]
[Black "Matrai, Laszlo"]
[Result "1-0"]
[WhiteElo "2173"]
[BlackElo "2130"]
[PlyCount "53"]
[EventDate "2000.10.29"]
[EventType "team-tourn"]
[EventRounds "11"]
[EventCountry "HUN"]
[SourceTitle "EXT 2007"]
[Source "ChessBase"]
[SourceDate "2006.11.23"]
[SourceVersion "1"]
[SourceVersionDate "2006.11.23"]
[SourceQuality "1"]

1. e4 c5 2. Nf3 e6 3. d4 cxd4 4. Nxd4 a6 5. Nc3 Qc7 6. Bd3 Ne7 7. Be3 Ng6 8. 0-0 Nc6 9. Kh1 Bd6 10. g3 0-0 11. Qh5 Nce5 12. f4 Nxd3 13. cxd3 b5 14. Rac1 Qb7 15. f5 exf5 16. Nxf5 Be5 17. d4 Bf6 18. Nd5 Bd8 19. Nxg7 d6 20. Bh6 f5 21. Nxf5 Rxf5 22. Rxf5 Bxf5 23. Qxf5 Qf7 24. Qg4 Qf2 25. Be3 Qxb2 26. Rf1 Qc2 27. Qe6+ 1-0

[Event "HUN-chT3 0001"]
[Site "Hungary"]
[Date "2000.12.17"]
[Round "5.3"]
[White "Pal, Geza"]
[Black "Matrai, Laszlo"]
[Result "1-0"]
[WhiteElo "2283"]
[BlackElo "2130"]
[PlyCount "75"]
[EventDate "2000.10.29"]
[EventType "team-tourn"]
[EventRounds "11"]
[EventCountry "HUN"]
[SourceTitle "EXT 2007"]
[Source "ChessBase"]
[SourceDate "2006.11.23"]
[SourceVersion "1"]
[SourceVersionDate "2006.11.23"]
[SourceQuality "1"]

1. d4 Nf6 2. Nf3 g6 3. c4 Bg7 4. Nc3 d5 5. Qb3 c6 6. e3 0-0 7. Be2 e6 8. 0-0 Nbd7 9. Rd1 Re8 10. h3 Qc7 11. Bd2 Ne4 12. Rac1 Nxd2 13. Rxd2 Qb6 14. Qa4 Qd8 15. Qc2 Qe7 16. Re1 Kh8 17. e4 dxe4 18. Nxe4 e5 19. c5 f5 20. Nd6 Rf8 21. dxe5 Nxe5 22. Rdd1 Nxf3+ 23. Bxf3 Qf6 24. Qb3 h5 25. Re2 Rb8 26. Bxc6 bxc6 27. Qxb8 Be6 28. Qxa7 f4 29. f3 g5 30. Ne4 Qe5 31. Qe7 g4 32. hxg4 hxg4 33. Nc3 Qh5 34. Qxe6 gxf3 35. gxf3 Rf6 36. Rd8+ Kh7 37. Qg8+ Kh6 38. Rh2 1-0

[Event "HUN-chT3 0001"]
[Site "Hungary"]
[Date "2000.12.03"]
[Round "4.2"]
[White "Gallai, Janos"]
[Black "Matrai, Laszlo"]
[Result "1-0"]
[WhiteElo "2290"]
[BlackElo "2130"]
[PlyCount "81"]
[EventDate "2000.10.29"]
[EventType "team-tourn"]
[EventRounds "11"]
[EventCountry "HUN"]
[SourceTitle "EXT 2007"]
[Source "ChessBase"]
[SourceDate "2006.11.23"]
[SourceVersion "1"]
[SourceVersionDate "2006.11.23"]
[SourceQuality "1"]

1. d4 Nf6 2. e3 g6 3. Bd3 Bg7 4. f4 d5 5. Nf3 Bg4 6. Nbd2 e6 7. c3 0-0 8. h3 Bf5 9. Qe2 Nh5 10. Kf2 Nf6 11. g4 Be4 12. Bxe4 Nxe4+ 13. Nxe4 dxe4 14. Ng5 Qd5 15. c4 Qc6 16. b4 f5 17. b5 Qe8 18. gxf5 exf5 19. c5 h6 20. Qc4+ Kh8 21. h4 Bf6 22. Bb2 c6 23. a4 a6 24. bxa6 Nxa6 25. Bc3 Nc7 26. Rab1 Rb8 27. Kg3 Qe7 28. a5 Nd5 29. Bd2 Kg7 30. a6 bxa6 31. Qxa6 hxg5 32. hxg5 Bxg5 33. Qxc6 Nf6 34. fxg5 Nh5+ 35. Kh4 f4 36. d5 Rf5 37. exf4 Nxf4 38. Bc3+ Kf7 39. Bf6 Rxf6 40. gxf6 Rh8+ 41. Kg3 1-0

[Event "HUN-chT3 9899"]
[Site "Hungary"]
[Date "1999.11.14"]
[Round "4"]
[White "Kovacs, Tamas"]
[Black "Matrai, Laszlo"]
[Result "1-0"]
[WhiteElo "2145"]
[BlackElo "2130"]
[PlyCount "51"]
[EventDate "1998.09.??"]
[EventType "team-tourn"]
[EventRounds "11"]
[EventCountry "HUN"]
[SourceTitle "EXT 2001"]
[Source "ChessBase"]
[SourceDate "2000.11.22"]
[SourceVersion "1"]
[SourceVersionDate "2000.11.22"]
[SourceQuality "1"]

1. d4 Nf6 2. c4 g6 3. Nc3 d5 4. Bg5 Ne4 5. Bh4 Nxc3 6. bxc3 Bg7 7. e3 c5 8. Nf3 Nc6 9. Rb1 0-0 10. Qa4 a6 11. Qa3 cxd4 12. cxd4 dxc4 13. Bxc4 Qa5+ 14. Qxa5 Nxa5 15. Bd3 Re8 16. Ke2 b5 17. Rhc1 Be6 18. Rc7 f6 19. Bg3 Kf8 20. Rbc1 Rec8 21. d5 Bg4 22. h3 Rxc7 23. Rxc7 Bc8 24. d6 e5 25. Be4 Rb8 26. d7 1-0